¡Qué poca mad...era la de José Santos Valdés! /

Đã lưu trong:
Chi tiết về thư mục
Tác giả chính: Godines, Prudencio, hijo (autor)
Định dạng: Sách
Ngôn ngữ:Tiếng Tây Ban Nha
Được phát hành: México : editorial no identificada, 1969, c1969
Các nhãn: Thêm thẻ
Không có thẻ, Là người đầu tiên thẻ bản ghi này!

MARC

LEADER 00000nam^a2200000^a^4500
001 000439169
005 20250526000000.0
009 20260310123304.425
037 |a Acervo ITESO - Biblioteca 
041 |a ESP 
091 |a FHM. 09228 
100 |a Godines, Prudencio,  |c hijo  |e (autor) 
245 1 0 |a ¡Qué poca mad...era la de José Santos Valdés! / 
264 4 |a México :  |b editorial no identificada,  |c 1969, c1969 
300 |a 166 p., [8 láminas] ;  |c 20.5 cm. 
336 |a texto  |b txt  |2 rdacontenido 
337 |a sin mediación  |b n  |2 rdamedio 
338 |a volumen  |b nc  |2 rdasoporte 
649 |a XX 
910 |a Fondo Hugo B. Margáin 
920 |a Impresos - Libros 
930 |a Libros Antiguos y Raros 
905 |a 126 
901 |a 0500304713  |b IT2  |c LRA  |i D110025  |u 20250526 
902 |a https://opac.biblio.iteso.mx/vufind/Record/000439169